Fiesta Mayor 1983 : 22 de abril al 1 de mayo / Cercle Català de Madrid 22 de abril al 1 de mayo / Cercle Català de Madrid
Descripción Física:
43 p. : il. ; 24 cm
Materias:
Festes majors -- Programes
MARC
| LEADER | 00000nam a2200000Ia 4500 | ||
|---|---|---|---|
| 001 | 8209 | ||
| 008 | 160829s1983 xx 000 0 cat d | ||
| 080 | |a FU-8-43 | ||
| 100 | |a Cercle Català de Madrid |9 26616 | ||
| 245 | |a Fiesta Mayor 1983 : |b 22 de abril al 1 de mayo / Cercle Català de Madrid | ||
| 260 | |a Barcelona : |b Diputació : |b Ajuntament, |c 1983 | ||
| 300 | |a 43 p. : |b il. ; |c 24 cm | ||
| 590 | |a Prové de S-626, exp. 114 | ||
| 650 | |a Festes majors |x Programes |9 26615 | ||
| 710 | 1 | |a Barcelona (Catalunya). |b Ajuntament |9 50981 | |
| 710 | 1 | |a Barcelona (Catalunya : Província). |b Diputació |9 52408 | |
| 901 | |a Arxiu | ||
| 942 | |n 1 | ||
| 952 | |0 0 |1 0 |4 0 |6 FU843 |7 1 |9 53545 |a Arxiu |b Arxiu |d 2016-12-01 |l 0 |o FU-8-43 |p 8209 |r 2016-12-01 00:00:00 |w 2016-12-01 |y ARXIU | ||
| 999 | |c 57411 |d 57411 | ||